[Event "?"]
[Site "?"]
[Date "2021.09.11"]
[Round "1"]
[White "Федоров, Никита."]
[Black "Усов, Дмитрий."]
[Result "1-0"]
[WhiteElo "2078"]
[BlackElo "1828"]
[PlyCount "97"]

1. b3 d5 2. Bb2 Nf6 3. e3 Bg4 4. Be2 Bxe2 5. Qxe2 e6 6. f4 Bd6 7. Nf3 O-O 8.
O-O c6 9. Qe1 Nbd7 10. Qg3 Qe7 11. d3 Rfe8 12. Ne5 g6 13. Nd2 Nh5 14. Qf2 f6
15. Nxd7 Qxd7 16. g4 Ng7 17. Bxf6 Qf7 18. Qh4 Rf8 19. Bb2 Be7 20. Qh6 Bf6 21.
Be5 Qe7 22. Nf3 Qc5 23. Ng5 Qxe3+ 24. Kh1 Rf7 25. Qxh7+ Kf8 26. Bxf6 Rxf6 27.
Qh8+ Ke7 28. Qxg7+ Kd6 29. Qxf6 Re8 30. Rae1 Qd2 31. Rxe6+ Rxe6 32. Qxe6+ Kc5
33. Qe1 Qxc2 34. Qf2+ Qxf2 35. Rxf2 d4 36. f5 gxf5 37. gxf5 Kb4 38. Ne4 c5 39.
f6 b6 40. f7 a5 41. h4 Kb5 42. h5 Kb4 43. h6 Kb5 44. h7 Kb4 45. h8=N Ka3 46.
f8=Q Kb4 47. Qe8 b5 48. Nxc5 Kc3 49. Qe1# 1-0

[Event "?"]
[Site "?"]
[Date "2021.09.11"]
[Round "1"]
[White "Кокодеев, Илья."]
[Black "Гоцo^к, Денис."]
[Result "0-1"]
[WhiteElo "1739"]
[BlackElo "2005"]
[PlyCount "92"]

1. e4 Nf6 2. e5 Nd5 3. d4 d6 4. Nf3 dxe5 5. Nxe5 c6 6. g3 Bf5 7. Bg2 Nd7 8. O-O
Nxe5 9. dxe5 e6 10. a3 Be7 11. c4 Nb6 12. Qb3 Qd3 13. Nc3 Qxc4 14. Qxc4 Nxc4
15. Re1 O-O-O 16. b3 Nd2 17. Bxd2 Rxd2 18. b4 Rhd8 19. Rec1 Kb8 20. Bf3 R8d3
21. Be2 Rxc3 22. Rxc3 Rxe2 23. Rd1 Rxe5 24. Rd7 Bf6 25. Rc1 Bg6 26. a4 Rd5 27.
Rd1 Kc8 28. R7xd5 exd5 29. b5 Bc2 30. Re1 d4 31. a5 cxb5 32. f4 d3 33. Kf2 d2
34. Ke2 dxe1=N 35. Kxe1 Bc3+ 36. Ke2 b4 37. g4 b3 38. h4 Bxa5 39. f5 f6 40. h5
h6 41. g5 fxg5 42. f6 gxf6 43. Ke3 Bd1 44. Kd3 Bxh5 45. Kc4 Bd1 46. Kd3 h5 0-1

[Event "?"]
[Site "?"]
[Date "2021.09.11"]
[Round "1"]
[White "Зайцева, Ëo^дмила."]
[Black "Фролов, Максим."]
[Result "1-0"]
[WhiteElo "1883"]
[BlackElo "1701"]
[PlyCount "69"]

1. d4 Nf6 2. c4 g6 3. Nc3 d5 4. cxd5 Nxd5 5. Na4 Bg7 6. e4 Nb6 7. Be3 O-O 8.
Nf3 Bg4 9. Be2 Nc6 10. d5 Nxa4 11. Qxa4 Ne5 12. Nxe5 Bxe2 13. Nxg6 hxg6 14.
Kxe2 Qd6 15. h4 Qe5 16. Rab1 e6 17. dxe6 Qxe6 18. f3 Qe5 19. Kf2 Rfd8 20. h5
Rd6 21. h6 Bf8 22. f4 Qe6 23. h7+ Kh8 24. Bd4+ Bg7 25. Bxg7+ Kxg7 26. Qb4 Rad8
27. Qc3+ f6 28. Qxc7+ R6d7 29. Rbd1 Rxc7 30. Rxd8 Qb6+ 31. Kf3 Rc3+ 32. bxc3
Qxd8 33. h8=Q+ Qxh8 34. Rxh8 Kxh8 35. e5 1-0

[Event "?"]
[Site "?"]
[Date "2021.09.11"]
[Round "1"]
[White "Ахмедов, Давид."]
[Black "Вершинин, Игорь."]
[Result "1/2-1/2"]
[WhiteElo "2041"]
[BlackElo "1937"]
[PlyCount "64"]

1. e4 c5 2. Nf3 e6 3. d3 Nc6 4. g3 d5 5. Nbd2 Bd6 6. Bg2 Nge7 7. O-O O-O 8. Nh4
f5 9. f4 Rb8 10. exd5 exd5 11. Ndf3 d4 12. c4 b5 13. b3 bxc4 14. dxc4 Qd7 15.
Ne1 Bb7 16. Nd3 Nb4 17. Nxb4 Bxg2 18. Nxg2 Rxb4 19. Ba3 Rb6 20. Ne1 Ra6 21. Bb2
Nc6 22. Qf3 Re8 23. Ng2 Re4 24. g4 Ne7 25. gxf5 Qxf5 26. a3 Bc7 27. Rae1 Rae6
28. Bc1 Ng6 29. Qd3 Ne7 30. Qf3 Ng6 31. Qd3 Ne7 32. Qf3 Ng6 1/2-1/2

[Event "?"]
[Site "?"]
[Date "2021.09.11"]
[Round "1"]
[White "Емель~~енков, Иван.."]
[Black "Амирджанян, Владимир.."]
[Result "0-1"]
[WhiteElo "1741"]
[BlackElo "2031"]
[Annotator "user"]
[PlyCount "102"]
[EventDate "2021.??.??"]

{[%evp 0,102,26,16,25,20,25,15,21,27,9,4,9,1,-2,-29,51,48,34,30,14,17,82,54,54,
59,50,44,38,16,10,5,11,9,2,-65,-50,-80,-87,-83,-21,-30,-34,-88,-85,-95,-33,-87,
-5,0,0,-6,18,-1,37,21,39,8,32,-14,-21,-25,-20,-24,-21,-11,-20,-60,-73,-56,-40,
-109,-109,-112,-111,-114,-119,-115,-128,-143,-143,-204,-248,-254,-364,-360,
-116,-312,-458,-458,-748,-852,-982,-1011,-1012,-1012,-1012,-1012,-1239,-1016,
-1032,-1032,-1032,-29959,-29960]} 1. e4 e5 2. Nf3 Nc6 3. Bc4 Bc5 4. O-O Nf6 5.
d4 Bxd4 6. Nxd4 Nxd4 7. f4 Qe7 8. Be3 Nc6 9. Nc3 O-O 10. f5 Nd4 11. Bxd4 exd4
12. Qxd4 Re8 13. Rae1 d6 14. h3 Qe5 15. Qxe5 Rxe5 16. g4 h6 17. Kg2 Bd7 18. Re2
Bc6 19. Rfe1 Rae8 20. Kf3 b5 21. Bd3 b4 22. Nb1 d5 23. Nd2 Bb7 24. exd5 Rxe2
25. Rxe2 Rxe2 26. Bxe2 Nxd5 27. Ne4 a5 28. Bc4 Nb6 29. b3 Nxc4 30. bxc4 Ba6 31.
Nd2 Kf8 32. Ke4 Bb7+ 33. Kd4 Bg2 34. h4 Bh3 35. g5 Bxf5 36. Kc5 Bxc2 37. Kb5
Ke7 38. c5 Bf5 39. Kxa5 Be6 40. Nb3 hxg5 41. hxg5 Bxb3 42. axb3 f5 43. gxf6+
Kxf6 44. Kxb4 g5 45. Kc4 Ke5 46. b4 g4 47. Kd3 Kd5 48. Ke3 Kc4 49. c6 Kxb4 50.
Kf4 Kc5 51. Kxg4 Kxc6 0-1

[Event "?"]
[Site "?"]
[Date "2021.09.11"]
[Round "1"]
[White "Ба~~алиашвили, Эдуард."]
[Black "Давидян, Владимир."]
[Result "1-0"]
[WhiteElo "1947"]
[BlackElo "1418"]
[PlyCount "71"]

1. e4 c5 2. Nf3 e6 3. b3 a6 4. Bb2 Nc6 5. g3 b5 6. Bg2 Bb7 7. O-O d6 8. d4 Nf6
9. d5 exd5 10. exd5 Ne7 11. c4 Ng6 12. cxb5 Be7 13. bxa6 Bxa6 14. Re1 O-O 15.
Nc3 Qb6 16. Ng5 h6 17. Nge4 Ne5 18. Na4 Qa7 19. Naxc5 Nxe4 20. Nxe4 Nd3 21. Qd2
Nxe1 22. Rxe1 Rac8 23. a4 f5 24. Nc3 Bg5 25. Qd1 f4 26. Ne4 fxg3 27. hxg3 Qc7
28. Bh3 Rce8 29. Be6+ Rxe6 30. dxe6 Be7 31. Qg4 g5 32. Qh5 Kh7 33. Bc1 Bd3 34.
Bxg5 Bxe4 35. Qxh6+ Kg8 36. Rxe4 1-0

[Event "?"]
[Site "?"]
[Date "2021.09.11"]
[Round "1"]
[White "Данилина, Софья."]
[Black "Иванников, Максим."]
[Result "0-1"]
[WhiteElo "1485"]
[BlackElo "1956"]
[PlyCount "144"]

1. e4 e5 2. Nf3 Nc6 3. Bc4 Nf6 4. d3 Bc5 5. Qe2 d6 6. c3 Bb6 7. Nbd2 O-O 8. Nf1
d5 9. Bb3 dxe4 10. dxe4 Qd6 11. Ng3 Na5 12. Bc2 Be6 13. b3 Qc5 14. Bb2 Nc4 15.
Bd3 Nxb2 16. Qxb2 Rad8 17. Rd1 Ng4 18. O-O Ne3 19. fxe3 Qxe3+ 20. Kh1 Rxd3 21.
Rxd3 Qxd3 22. Nxe5 Qd6 23. Nf3 Rd8 24. c4 Bg4 25. Ng5 f6 26. e5 Qxe5 27. Qxe5
fxe5 28. Nf7 Re8 29. Ng5 h6 30. N5e4 Bd4 31. h3 Bd7 32. Nf5 Bc6 33. Nfg3 Rf8
34. Rxf8+ Kxf8 35. Nd2 Kf7 36. Nge4 Ke6 37. g4 Bc3 38. Kh2 Bxd2 39. Nxd2 e4 40.
Kg3 Ke5 41. Kf2 Kd4 42. Ke2 b5 43. h4 bxc4 44. bxc4 g5 45. hxg5 hxg5 46. Nb3+
Kxc4 47. Ke3 Kd5 48. Nd2 Ke6 49. Nxe4 Bxe4 50. Kxe4 c5 51. Kd3 Kd5 52. Kc3 c4
53. Kc2 Kd4 54. Kd2 c3+ 55. Kc2 Kc4 56. Kc1 Kd3 57. Kd1 a5 58. a4 Kc4 59. Kc1
Kb3 60. Kb1 Kxa4 61. Kc2 Kb4 62. Kb1 Kb3 63. Ka1 Kc2 64. Ka2 Kd3 65. Kb1 Kd2
66. Ka2 c2 67. Kb3 c1=Q 68. Ka2 Qc2+ 69. Ka1 Qa4+ 70. Kb1 Qb4+ 71. Ka1 Kc1 72.
Ka2 Qa4# 0-1

[Event "?"]
[Site "?"]
[Date "2021.09.12"]
[Round "2"]
[White "Богаудинов, Рушан."]
[Black "Елецкий, Иван."]
[Result "1/2-1/2"]
[WhiteElo "2027"]
[BlackElo "2469"]
[PlyCount "117"]

1. d4 Nf6 2. Nf3 d5 3. c4 e6 4. Nc3 c6 5. e3 Nbd7 6. Be2 Bd6 7. O-O O-O 8. b3
b6 9. Bb2 Bb7 10. cxd5 exd5 11. Rc1 Qe7 12. Bd3 Rfe8 13. Nd2 Rad8 14. Re1 c5
15. Nf3 Ne4 16. Nb5 Bb8 17. Qe2 Qe6 18. h3 a6 19. Nc3 b5 20. dxc5 Ndxc5 21. Bb1
b4 22. Na4 Nxa4 23. bxa4 Qd6 24. Bd4 Re6 25. Qb2 Rde8 26. Red1 a5 27. a3 h6 28.
axb4 axb4 29. Bd3 Rg6 30. Kf1 Ba6 31. Bb5 Kh7 32. Rb1 Bxb5+ 33. axb5 Qd7 34.
Qxb4 Qf5 35. Rb2 Ree6 36. Ne1 Bh2 37. g4 Qg5 38. Nf3 Qd8 39. Nxh2 Qh4 40. Kg2
Ng5 41. f4 Qxh3+ 42. Kh1 Nf3 43. f5 Nxh2 44. fxg6+ Rxg6 45. Rxh2 Qxg4 46. Qd2
Qf3+ 47. Rg2 Rxg2 48. Qxg2 Qxd1+ 49. Kh2 Qh5+ 50. Kg1 Qd1+ 51. Qf1 Qg4+ 52. Kf2
Qf5+ 53. Ke1 Qb1+ 54. Kf2 Qf5+ 55. Kg1 Qg4+ 56. Kh2 Qh5+ 57. Qh3 Qe2+ 58. Qg2
Qh5+ 59. Kg1 1/2-1/2

[Event "?"]
[Site "?"]
[Date "2021.09.12"]
[Round "2"]
[White "Быков, Егор."]
[Black "Семены~~ев, Александр."]
[Result "1/2-1/2"]
[WhiteElo "2373"]
[BlackElo "2124"]
[PlyCount "163"]

1. Nf3 d5 2. d4 c5 3. c4 e6 4. cxd5 exd5 5. g3 Nc6 6. Bg2 Nf6 7. O-O h6 8. Nc3
Be7 9. b3 O-O 10. Bb2 Be6 11. dxc5 Bxc5 12. Nb5 Qb6 13. Nbd4 Nxd4 14. Bxd4 Ne4
15. Bxc5 Qxc5 16. Rc1 Nc3 17. Qd3 Rac8 18. Rc2 b5 19. Nd4 Bd7 20. Re1 b4 21.
Rd2 Rfe8 22. Bf3 Rcd8 23. Nc2 a5 24. Qd4 Qc7 25. Ne3 Be6 26. Kg2 Nb5 27. Qd3
Qc5 28. Nc2 d4 29. e3 Bf5 30. Qc4 Qb6 31. exd4 Rxe1 32. Nxe1 Rxd4 33. Rxd4 Nxd4
34. Bd5 Bg6 35. Nd3 Bxd3 36. Qxd3 Qc5 37. Qe4 Kf8 38. h4 Nb5 39. Bc4 Nd6 40.
Qa8+ Ke7 41. Bd5 Qc7 42. h5 Kf6 43. Qa6 Qc5 44. Qd3 Qc3 45. Qa6 Qc5 46. Bf3 Ke7
47. Qa8 Ne8 48. Qb7+ Kf6 49. Qd7 Nc7 50. Qd8+ Qe7 51. Qd4+ Qe5 52. Qh4+ Qg5 53.
Qc4 Qe5 54. Qc6+ Ke7 55. Qb7 Qc5 56. Be4 Kf6 57. f4 Ne8 58. Qa8 Nd6 59. Qd8+
Ke6 60. Bf3 Qc2+ 61. Kh3 Qf2 62. Bg4+ f5 63. Qg8+ Kf6 64. Qd8+ Ke6 65. Qg8+ Kd7
66. Qxg7+ Kc6 67. Qxh6 fxg4+ 68. Kxg4 Qxa2 69. Qe6 a4 70. h6 Qxb3 71. f5 Qd1+
72. Kg5 Qd2+ 73. Kg6 Qh2 74. g4 b3 75. h7 b2 76. Qe1 Qh3 77. Qd1 a3 78. Qa4+
Kc5 79. Qa7+ Kb5 80. Qd7+ Kc5 81. Qa7+ Kb5 82. Qd7+ 1/2-1/2

[Event "?"]
[Site "?"]
[Date "2021.09.12"]
[Round "2"]
[White "Теникашвили, Георгий."]
[Black "Погосян, Стефан."]
[Result "0-1"]
[WhiteElo "2341"]
[BlackElo "2400"]
[PlyCount "146"]

1. d4 Nf6 2. Nf3 e6 3. c4 c5 4. d5 b5 5. Bg5 d6 6. e4 Be7 7. Nbd2 b4 8. Bd3 O-O
9. O-O e5 10. Bxf6 Bxf6 11. a3 bxa3 12. Rxa3 Na6 13. Qa1 Nb4 14. Ne1 Bg5 15.
Ndf3 Bh6 16. Bb1 a6 17. Nc2 Rb8 18. Nxb4 Rxb4 19. Bd3 Qb6 20. Rb1 g6 21. Ra4 f5
22. Rxb4 cxb4 23. Re1 Bd7 24. h4 a5 25. b3 Qc5 26. Qd1 Kg7 27. Qc2 Bf4 28. Ra1
Kf6 29. Kf1 Rb8 30. Re1 h5 31. Qe2 a4 32. g3 fxe4 33. gxf4 exd3 34. fxe5+ Kg7
35. Qxd3 Bf5 36. Qe2 axb3 37. e6 Kg8 38. Kg1 b2 39. Qxb2 Qxc4 40. Qd4 Qxd4 41.
Nxd4 b3 42. Nxf5 gxf5 43. Rb1 Kg7 44. Kg2 Kf6 45. Kf3 Rb5 46. Kf4 Rxd5 47. Rxb3
Rd4+ 48. Kg3 Rg4+ 49. Kh3 Kxe6 50. Rb8 d5 51. Re8+ Kf6 52. f3 Rg1 53. f4 Rg4
54. Rd8 Ke6 55. Re8+ Kd6 56. Rh8 d4 57. Rxh5 d3 58. Rh8 Kd5 59. Rd8+ Ke4 60. h5
Ke3 61. h6 Rg6 62. Kh4 Rxh6+ 63. Kg5 Rh1 64. Re8+ Kf2 65. Rd8 Rh3 66. Kxf5 Ke2
67. Ke6 Re3+ 68. Kf6 d2 69. Rxd2+ Kxd2 70. f5 Kd3 71. Kg6 Rg3+ 72. Kf7 Ke4 73.
f6 Kf5 0-1

[Event "?"]
[Site "?"]
[Date "2021.09.12"]
[Round "2"]
[White "Галактионов, Артем."]
[Black "Грановский, Александр."]
[Result "1-0"]
[WhiteElo "2371"]
[BlackElo "1000"]
[PlyCount "71"]

1. d4 Nf6 2. Nf3 e6 3. c4 Bb4+ 4. Nbd2 b6 5. a3 Bxd2+ 6. Qxd2 Bb7 7. e3 a5 8.
b3 O-O 9. Bb2 d6 10. Be2 Qe7 11. O-O Nbd7 12. Rfd1 Ne4 13. Qc2 f5 14. d5 e5 15.
Ne1 Qg5 16. Bc1 Qh4 17. g3 Qe7 18. f3 Nec5 19. Rb1 a4 20. b4 Nb3 21. Bb2 c6 22.
dxc6 Bxc6 23. Ng2 Rf6 24. Rf1 Raf8 25. Rbd1 Kh8 26. f4 Be4 27. Bd3 Ba8 28. Nh4
exf4 29. exf4 Qe3+ 30. Qf2 Qxf2+ 31. Rxf2 R6f7 32. Nxf5 Rxf5 33. Bxf5 Rxf5 34.
Rxd6 Rf7 35. Re2 Bf3 36. Rxd7 1-0

[Event "?"]
[Site "?"]
[Date "2021.09.12"]
[Round "2"]
[White "Кухмазов, Арсен."]
[Black "Губайдуллин, Алексей."]
[Result "1/2-1/2"]
[WhiteElo "2472"]
[BlackElo "2298"]
[PlyCount "122"]

1. d4 g6 2. c4 Bg7 3. Nf3 Nf6 4. Nc3 O-O 5. g3 d6 6. Bg2 Nbd7 7. O-O e5 8. h3
c6 9. e4 Qb6 10. c5 dxc5 11. dxe5 Ne8 12. e6 fxe6 13. Ng5 Ne5 14. f4 Nf7 15.
Nxf7 Bd4+ 16. Kh2 Rxf7 17. e5 Qc7 18. Ne4 b6 19. Ng5 Re7 20. Qf3 Ba6 21. Rd1
Rc8 22. Qb3 Ng7 23. Ne4 Be2 24. Rd2 c4 25. Qa4 Bd3 26. Rxd3 b5 27. Qb4 c5 28.
Qxb5 cxd3 29. Qxd3 Rb8 30. Rb1 Qa5 31. a3 Qb5 32. Qxb5 Rxb5 33. Bf1 Rb6 34. b3
Nf5 35. g4 Ne3 36. Bxe3 Bxe3 37. Kg3 h6 38. h4 Kg7 39. Kf3 Bd4 40. Bc4 a5 41.
a4 Rb8 42. Nf6 Kf7 43. Ke4 Rb4 44. Kd3 Reb7 45. Ne4 Ke7 46. Nd6 Rb8 47. Ke4
Rxa4 48. f5 exf5+ 49. gxf5 Rxc4 50. Nxc4 gxf5+ 51. Kd5 a4 52. b4 Rxb4 53. Rxb4
cxb4 54. Kxd4 Ke6 55. Na5 a3 56. Nb3 a2 57. Nc5+ Kf7 58. Nb3 Ke7 59. Kd5 h5 60.
Na1 Kd7 61. Nb3 Ke7 1/2-1/2

[Event "?"]
[Site "?"]
[Date "2021.09.12"]
[Round "2"]
[White "Ростовцев, Дмитрий."]
[Black "Дудин, Глеб."]
[Result "1/2-1/2"]
[WhiteElo "2124"]
[BlackElo "2428"]
[PlyCount "159"]

1. e4 e5 2. Nf3 Nc6 3. Bb5 a6 4. Ba4 g6 5. d4 b5 6. Bb3 exd4 7. Bg5 Be7 8. Bxe7
Qxe7 9. O-O Nf6 10. e5 Nh5 11. c3 d3 12. Qxd3 O-O 13. Qe3 Bb7 14. Bd5 Na5 15.
Bxb7 Nxb7 16. Nbd2 f6 17. Rfe1 Nc5 18. b4 Na4 19. Qd4 Ng7 20. Nb3 Ne6 21. Qd2
Rae8 22. Rad1 Nb6 23. Na5 fxe5 24. Nxe5 d6 25. Ng4 h5 26. Ne3 Qf7 27. c4 bxc4
28. Naxc4 Nxc4 29. Nxc4 Nf4 30. Rxe8 Rxe8 31. Ne3 Re5 32. Qb2 Qe6 33. Qc2 Nd5
34. Nf1 Qf7 35. a3 Nf4 36. Ne3 Kh7 37. Rc1 c5 38. Rd1 cxb4 39. axb4 Qe7 40. Qc6
d5 41. Qxa6 Qxb4 42. Qf6 Re4 43. Ra1 Qe7 44. Qb6 Rb4 45. Qc6 d4 46. Nc2 Ne2+
47. Kf1 Rb2 48. Qc4 d3 49. Qxd3 Nf4 50. Qc3 Qe2+ 51. Kg1 Qd1+ 52. Rxd1 Ne2+ 53.
Kf1 Nxc3 54. Rd7+ Kh6 55. Ne1 Ne4 56. Nd3 Ra2 57. g3 Rd2 58. Ke1 Ra2 59. Re7
Nf6 60. Ne5 h4 61. gxh4 Ra4 62. Nf3 Nd5 63. Re5 Nf4 64. Rg5 Nh3 65. Rg3 Ra1+
66. Ke2 Ra2+ 67. Kf1 Nf4 68. Ne1 Ra1 69. Rf3 Ne6 70. Re3 Nd4 71. Kg2 Nf5 72.
Re4 Nd6 73. Re6 Nf5 74. Nf3 Ra4 75. Ne5 Nxh4+ 76. Kh3 Kg5 77. Re8 Ra3+ 78. f3
Nxf3 79. Nxf3+ Rxf3+ 80. Kg2 1/2-1/2

[Event "?"]
[Site "?"]
[Date "2021.09.12"]
[Round "2"]
[White "Брякин, Михаил."]
[Black "Тер-Саакян, Григорий."]
[Result "1-0"]
[WhiteElo "2488"]
[BlackElo "2191"]
[PlyCount "120"]

1. d4 d6 2. Nf3 Bg4 3. e4 g6 4. h3 Bxf3 5. Qxf3 Bg7 6. Bc4 e6 7. c3 Nd7 8. O-O
Ne7 9. Be3 O-O 10. Nd2 c6 11. Bb3 d5 12. Qe2 dxe4 13. Nxe4 h6 14. Bf4 Kh7 15.
Nd6 b6 16. Rad1 Nc8 17. Qf3 Qf6 18. Qxc6 Qxf4 19. Nxc8 Rfxc8 20. Qxd7 Rc7 21.
Qb5 Bf8 22. g3 Qf5 23. Qxf5 exf5 24. Rfe1 Kg7 25. Re2 Re7 26. Rxe7 Bxe7 27. Ba4
Rd8 28. Bb5 h5 29. Kg2 h4 30. Kf3 hxg3 31. fxg3 Rh8 32. Kg2 Kf6 33. Bc6 Rc8 34.
Bd5 Rd8 35. c4 Bd6 36. Bf3 Bf8 37. a3 a5 38. h4 Be7 39. Bc6 Rd6 40. Ba4 Rd8 41.
Kf3 Bf8 42. Rd3 Be7 43. Ke3 Kg7 44. Kd2 f4 45. gxf4 Rh8 46. Rh3 Kf8 47. Kd3 f5
48. h5 Kg7 49. Bd1 gxh5 50. Rxh5 Rxh5 51. Bxh5 Bd6 52. Kc3 Kf6 53. b4 axb4+ 54.
axb4 Bxf4 55. c5 bxc5 56. dxc5 Ke6 57. Kc4 Bc7 58. b5 Kd7 59. Bf3 Bd8 60. b6
Bh4 1-0

[Event "?"]
[Site "?"]
[Date "2021.09.12"]
[Round "2"]
[White "Петрова, Елизавета."]
[Black "Яшметов, Михаил."]
[Result "0-1"]
[WhiteElo "1835"]
[BlackElo "2249"]
[PlyCount "156"]

1. d4 Nf6 2. c4 g6 3. Nc3 d5 4. cxd5 Nxd5 5. g3 Bg7 6. Bg2 Nxc3 7. bxc3 c5 8.
e3 O-O 9. Ne2 cxd4 10. cxd4 e5 11. O-O exd4 12. Nxd4 Nc6 13. Bb2 Nxd4 14. Bxd4
Bxd4 15. Qxd4 Qxd4 16. exd4 Rd8 17. Rab1 Rb8 18. Rfd1 b5 19. a4 b4 20. a5 Bf5
21. Rb2 b3 22. d5 Bc2 23. Rd4 Rb5 24. Be4 Rc5 25. Bd3 Rdxd5 26. Rxd5 Rxd5 27.
Bxc2 bxc2 28. Rxc2 Rxa5 29. Kg2 Kg7 30. Rc6 h5 31. h4 Ra1 32. Kf3 a5 33. Ra6 a4
34. Kf4 a3 35. Ra7 Kf6 36. Ra6+ Ke7 37. Ke5 Ra2 38. Ra7+ Kf8 39. f3 Kg7 40. Kf4
Ra1 41. Kg5 Ra2 42. Ra6 Rg2 43. Kf4 a2 44. g4 Kh6 45. g5+ Kg7 46. Ra7 Kf8 47.
Ke5 Re2+ 48. Kd6 Rh2 49. Ra8+ Kg7 50. Ke5 Re2+ 51. Kf4 f5 52. gxf6+ Kxf6 53.
Ra6+ Ke7 54. Kg5 Rg2+ 55. Kh6 Kd7 56. f4 Kc7 57. Kh7 Kb7 58. Ra4 Kb6 59. Kg7
Kb5 60. Ra8 Kb4 61. Kf6 Kb3 62. Ra7 Kb2 63. Rb7+ Kc1 64. Rc7+ Kb1 65. Rb7+ Rb2
66. Re7 Rb6+ 67. Kg5 a1=Q 68. Re1+ Kb2 69. Rxa1 Kxa1 70. f5 gxf5 71. Kxh5 f4
72. Kg4 Rh6 73. Kg5 f3 74. Kxh6 f2 75. h5 f1=Q 76. Kh7 Qf5+ 77. Kh6 Kb2 78. Kg7
Qxh5 0-1

[Event "?"]
[Site "?"]
[Date "2021.09.12"]
[Round "2"]
[White "Уков, Артем."]
[Black "Захарцов, Владимир."]
[Result "0-1"]
[WhiteElo "2100"]
[BlackElo "2506"]
[PlyCount "152"]

1. e4 d6 2. d4 Nf6 3. Nc3 e5 4. Nf3 Nbd7 5. Bc4 Be7 6. O-O O-O 7. Re1 c6 8. a4
Qc7 9. Bg5 a5 10. Qd2 Nb6 11. Be2 Ng4 12. h3 Bxg5 13. Qxg5 h6 14. Qd2 Nf6 15.
Rad1 Be6 16. dxe5 dxe5 17. Qd6 Qxd6 18. Rxd6 Nfd7 19. Red1 Nc5 20. b3 f6 21.
Nh4 g5 22. Nf3 Kf7 23. Nh2 Ke7 24. Nf1 Bd5 25. exd5 Kxd6 26. Ne3 Kc7 27. d6+
Kb8 28. Nf5 Rh8 29. f3 Ka7 30. Ne4 Nbd7 31. Kf2 h5 32. Ke3 Rad8 33. Bc4 Kb6 34.
Bf7 Rdf8 35. Bc4 Rh7 36. c3 Rd8 37. b4 Nxe4 38. fxe4 Ra8 39. Ne7 Rhh8 40. Bb3
Rhd8 41. Rb1 Nf8 42. Nf5 Ng6 43. g3 h4 44. bxa5+ Kc5 45. Bf7 Nh8 46. Rxb7 hxg3
47. Kf3 Rxa5 48. Bh5 Rxa4 49. d7 Ra3 50. Kxg3 Rxc3+ 51. Kg2 Rd3 52. Be8 Ra8 53.
Rb2 Ra7 54. Rc2+ Kb5 55. Rb2+ Kc5 56. Rc2+ Kb4 57. Kf2 c5 58. Ne7 Kb3 59. Re2
Raxd7 60. Bxd7 Rxd7 61. Nd5 Rd6 62. Re3+ Kc4 63. Rf3 Ng6 64. Ra3 Nf4 65. Ne3+
Kb5 66. Rb3+ Ka4 67. Rc3 Kb4 68. Rc4+ Kb5 69. Rc2 Nxh3+ 70. Kf3 Rd3 71. Rb2+
Kc6 72. Ra2 g4+ 73. Ke2 Nf4+ 74. Kf2 g3+ 75. Kf3 g2 76. Ra1 Rxe3+ 0-1

[Event "?"]
[Site "?"]
[Date "2021.09.12"]
[Round "2"]
[White "Козионов, Кирилл."]
[Black "Титов, Александр."]
[Result "1-0"]
[WhiteElo "2438"]
[BlackElo "2137"]
[PlyCount "109"]

1. Nf3 Nf6 2. b3 d5 3. Bb2 Bf5 4. g3 e6 5. Bg2 h6 6. O-O Nbd7 7. d3 Be7 8. Nbd2
O-O 9. c4 c6 10. Qc2 Bh7 11. a3 a5 12. Ne5 Nxe5 13. Bxe5 Nd7 14. Bc3 b5 15.
cxb5 cxb5 16. Qb2 f6 17. Bh3 Qb6 18. b4 a4 19. Rac1 Qd6 20. Bd4 Rac8 21. Rxc8
Rxc8 22. Rc1 Rxc1+ 23. Qxc1 Kf7 24. Qc8 Ne5 25. f4 Qc6 26. Qh8 Qc1+ 27. Nf1 Ng6
28. Qxh7 Nf8 29. Qh8 Qxa3 30. Bg4 Qxb4 31. Bh5+ g6 32. Bxg6+ Nxg6 33. Qh7+ Kf8
34. Qxh6+ Kf7 35. Qh7+ Kf8 36. Be3 Ke8 37. Qxg6+ Kd7 38. f5 e5 39. Qg8 Qd6 40.
h4 a3 41. Nd2 a2 42. Nb3 d4 43. Bd2 Qa3 44. Qd5+ Kc7 45. Qxb5 Qxb3 46. Qxb3
a1=Q+ 47. Kf2 Qh1 48. Ba5+ Kc6 49. Qb6+ Kd7 50. Qb5+ Kd6 51. Bb4+ Kc7 52. Bxe7
Qh2+ 53. Kf3 e4+ 54. dxe4 Qh1+ 55. Kf4 1-0

[Event "?"]
[Site "?"]
[Date "2021.09.12"]
[Round "2"]
[White "Гоцo^к, Денис."]
[Black "Бабарыкин, Станислав."]
[Result "0-1"]
[WhiteElo "2005"]
[BlackElo "2345"]
[PlyCount "66"]

1. d4 Nf6 2. Bf4 d5 3. e3 c5 4. c3 Nc6 5. Nd2 Bf5 6. Qb3 Qc8 7. Ngf3 c4 8. Qd1
h6 9. Be2 e6 10. O-O Be7 11. Ne5 O-O 12. Bf3 b5 13. a3 Nxe5 14. Bxe5 Nd7 15.
Bg3 Bd3 16. Re1 f5 17. Be2 Bxe2 18. Qxe2 Qb7 19. f3 Rae8 20. e4 fxe4 21. fxe4
e5 22. exd5 Qxd5 23. Bxe5 Bh4 24. Qe4 Bf2+ 25. Kh1 Rxe5 26. dxe5 Qxd2 27. Red1
Nc5 28. Qc6 Qe2 29. e6 Qxe6 30. Rd6 Be1 31. g3 Rf1+ 32. Kg2 Qe2+ 33. Kh3 Qh5+
0-1

[Event "?"]
[Site "?"]
[Date "2021.09.12"]
[Round "2"]
[White "Садовский, Артем."]
[Black "Ким, Андрей."]
[Result "1-0"]
[WhiteElo "2215"]
[BlackElo "2037"]
[PlyCount "141"]

1. c4 c6 2. Nf3 d5 3. e3 Nf6 4. b3 g6 5. Bb2 Bg7 6. Be2 Bg4 7. h3 Bxf3 8. Bxf3
O-O 9. O-O Nbd7 10. d4 a5 11. Nc3 Nb6 12. cxd5 Nfxd5 13. Nxd5 Nxd5 14. a3 e6
15. Qc2 Qe7 16. Rac1 Rfd8 17. Rfd1 h5 18. Qc5 Qg5 19. Kf1 h4 20. e4 Bf8 21. Qc4
Nb6 22. Qe2 Rd7 23. Rc3 Qf4 24. Qe3 Qxe3 25. fxe3 Rad8 26. Rcc1 Be7 27. Ke2 a4
28. b4 Na8 29. d5 cxd5 30. exd5 exd5 31. Be5 Bg5 32. Rc5 Re8 33. Bxd5 Rxe5 34.
Bxf7+ Kxf7 35. Rxd7+ Re7 36. Rxe7+ Bxe7 37. Rc8 Nb6 38. Rc7 Ke6 39. Kd3 Nd5 40.
Rxb7 Bg5 41. Ra7 Nxe3 42. Ra6+ Kf7 43. Ra5 Bh6 44. b5 Nxg2 45. b6 Nf4+ 46. Ke4
Ne6 47. b7 Bf4 48. Ra8 Bg3 49. Kf3 Nd4+ 50. Kg4 Nc6 51. Kg5 Ke7 52. Rxa4 Kd7
53. Rc4 Na5 54. Rb4 Nc6 55. Rb5 Kc7 56. a4 Kb8 57. Kxg6 Nd4 58. Rb6 Ne2 59. Kf5
Nf4 60. Kg4 Nd3 61. a5 Nf2+ 62. Kf5 Nxh3 63. a6 Nf2 64. Rg6 Ka7 65. Ke6 Ne4 66.
Kd5 Nf2 67. Kc6 Nd3 68. Kb5 Nb2 69. Rg8 Bb8 70. Rxb8 Kxb8 71. Kc6 1-0

[Event "?"]
[Site "?"]
[Date "2021.09.12"]
[Round "2"]
[White "Павлов, Данила."]
[Black "Зубков, Всеволод."]
[Result "1-0"]
[WhiteElo "2390"]
[BlackElo "2241"]
[PlyCount "49"]

1. e4 e6 2. d4 d5 3. Nc3 Nf6 4. Bg5 Bb4 5. e5 h6 6. Be3 Ne4 7. Qg4 Kf8 8. a3
Bxc3+ 9. bxc3 Nxc3 10. Bd3 c5 11. dxc5 Nc6 12. Nf3 f5 13. exf6 Qxf6 14. Qh5 e5
15. Bg5 Qe6 16. Bd2 e4 17. O-O Qf6 18. Rae1 Be6 19. Bxc3 Qxc3 20. Ng5 Bg8 21.
Bb5 Qxc5 22. Nxe4 Qxc2 23. Nd6 g6 24. Qf3+ Kg7 25. Bxc6 1-0

[Event "?"]
[Site "?"]
[Date "2021.09.12"]
[Round "2"]
[White "><ибух~~ян, Эрик."]
[Black "Худяков, Станислав."]
[Result "1/2-1/2"]
[WhiteElo "2215"]
[BlackElo "2284"]
[PlyCount "130"]

1. Nf3 d5 2. e3 Nf6 3. b3 Bf5 4. Bb2 e6 5. c4 Nbd7 6. Nc3 Be7 7. cxd5 exd5 8.
d3 O-O 9. Be2 h6 10. O-O c6 11. Nb1 Re8 12. Nbd2 a5 13. a3 Bc5 14. Nd4 Bh7 15.
N2f3 Qe7 16. h3 Bd6 17. Re1 Ne5 18. Bf1 Bc7 19. Qc2 Rac8 20. Nxe5 Bxe5 21. Nf3
Bxb2 22. Qxb2 Nd7 23. b4 axb4 24. axb4 Ra8 25. Qd4 Qf6 26. Qxf6 Nxf6 27. Nd4
Nd7 28. Nb3 Ne5 29. d4 Nc4 30. Bxc4 dxc4 31. Na5 c3 32. Nxb7 Rab8 33. Na5 Rxb4
34. Nxc6 Rb6 35. Ne7+ Kf8 36. Nd5 Rb3 37. f3 Bd3 38. Rac1 Rc8 39. Nf4 Bb5 40.
e4 g5 41. Nd5 Bd3 42. Ne3 Rcb8 43. Nf5 Rb1 44. Kf2 c2 45. Ke3 R8b3 46. Kd2 h5
47. Ne3 Bb5 48. Nd5 Rd3+ 49. Kxc2 Rxc1+ 50. Rxc1 Rxd4 51. Rb1 Bc6 52. Rb8+ Kg7
53. Ne3 Bd7 54. Kc3 Ra4 55. Rb7 Be6 56. Rb5 Kg6 57. Rb4 Ra3+ 58. Kd4 Ra2 59.
Rb6 Rd2+ 60. Ke5 Re2 61. Kd4 Rd2+ 62. Kc3 Rf2 63. Kd4 Rd2+ 64. Ke5 Re2 65. Kd4
Rd2+ 1/2-1/2

[Event "?"]
[Site "?"]
[Date "2021.09.12"]
[Round "2"]
[White "Крылов, Алексей."]
[Black "Тейитбаев, Актилек."]
[Result "1-0"]
[WhiteElo "2065"]
[BlackElo "2106"]
[PlyCount "37"]

1. d4 Nf6 2. c4 g6 3. f3 e5 4. dxe5 Nh5 5. Nh3 Qh4+ 6. g3 Qxc4 7. Nc3 Bb4 8.
Bd2 Nc6 9. a3 Ba5 10. e4 Qe6 11. f4 h6 12. Nd5 O-O 13. Nf2 Bb6 14. Bc4 Bxf2+
15. Kxf2 Nxe5 16. fxe5 Qxe5 17. Bc3 Qxe4 18. Qxh5 Qxc4 19. Qxh6 1-0

[Event "?"]
[Site "?"]
[Date "2021.09.12"]
[Round "2"]
[White "Шведова, Александра."]
[Black "Арбузов, Михаил."]
[Result "0-1"]
[WhiteElo "2049"]
[BlackElo "2183"]
[PlyCount "82"]

1. e4 c6 2. d4 d5 3. e5 Bf5 4. h4 h6 5. g4 Bd7 6. h5 c5 7. c3 Nc6 8. Bg2 cxd4
9. cxd4 Qb6 10. Bxd5 e6 11. Bxc6 Bxc6 12. Rh3 Rd8 13. Ne2 Ne7 14. Nbc3 Nd5 15.
Nxd5 Rxd5 16. Bd2 Be7 17. f4 Rxd4 18. Qb3 Rxd2 19. Kxd2 Bb4+ 20. Kc1 Qc5+ 21.
Qc2 Qf2 22. Rg3 O-O 23. g5 Rc8 24. Rc3 Bxc3 25. bxc3 Bb5 26. Nd4 Qxf4+ 27. Kb2
Be8 28. gxh6 Qxh6 29. Qg2 Rc5 30. Rg1 Rxe5 31. Qg3 f6 32. Nf3 Rb5+ 33. Ka1 Bxh5
34. Qb8+ Kh7 35. Nd4 Rb6 36. Qxa7 Qe3 37. Qxb6 Qxg1+ 38. Kb2 e5 39. Qb5 Qh2+
40. Nc2 Bg6 41. Qa4 Qxc2+ 0-1